Bases de datos con visual basic 6 /

Guardado en:
Autor Principal: Mcmanus, Jeffrey P.
Otros Autores: Fraguas, Santiago, trad.
Formato: Libro
Publicado: Madrid : Prentice Hall, 1999
Materias:
Etiquetas: Agregar Etiqueta
Sin Etiquetas, Sea el primero en etiquetar este registro!
LEADER 01289nam a22002295a 4500
001 CEM.cems013237
005 20091211104903.0
008 130507s1999##################000#0#####d
003 CEMS
020 |a 8483221950 
082 0 4 |a 001.642 
100 1 |a Mcmanus, Jeffrey P. 
245 1 0 |a Bases de datos con visual basic 6 /  |c Jeffrey Mcmanus ; traducción de Santiago Fraguas 
260 |a Madrid :  |b Prentice Hall,  |c 1999 
300 |a 768 p. 
505 0 |a Fundamentos de las bases de datos -- Consultas -- Objetos de Acceso a Datos (DAO) -- Creación de informes y exportación de datos -- Introducción a SQL Server -- Conectividad abierta de bases de datos y objetos de datos -- Acceso a bases de datos por medioo de las clases -- Acceso remoto a bases de datos -- Bases de datos Jet multiusuario -- Objetos de Datos ActiveX -- Aplicaciones para bases de datos en Internet -- Controles de interfaz de usuario -- Utilización de los controles DBGrid y Apex True DBGrid -- Uso de los controles MSFLexGrid, FlexGrid jerárquico y VideoSoft VSFlex -- Utilizar Sheridan DataWidgets 
653 |a Informática 
653 |a Computación 
653 |a Bases de datos 
653 |a Visual basic 6 
700 1 |a Fraguas, Santiago, trad. 
859 |a CEMS  |b BIB. CEMS - 11 de abril  |h 001.642  |i M227  |p 25737.09  |t Ej.1